000 00426nam a22001577a 4500
005 20200529160938.0
008 200529b xxu||||| |||| 00| 0 eng d
041 _aeng
082 _a340
100 _aBARE ACT
_95744
245 _aTHE CONSERVATION OF FOREIGN EXCHANGE AND PREVENTION OF SMUGLING ACTIVITIES (ACT(1974)
260 _aDELHI
_bPROFESSIONAL BOOK PUBLISHERS
300 _a57;p
650 _aLAW
_95701
942 _cBK
999 _c6622
_d6620